[Event "Omsk op"]
[Site "Omsk"]
[Date "2013.09.18"]
[Round "9"]
[White "Chagochkin, Valeriy"]
[Black "Skokov, Boris"]
[Result "1-0"]
[WhiteElo "2054"]
[BlackElo "2042"]
[PlyCount "29"]
[EventDate "2013.09.10"]
[EventType "swiss"]
[EventRounds "9"]
[EventCountry "RUS"]
[SourceTitle "CBM 156 Extra"]
[Source "ChessBase"]
[SourceDate "2013.10.22"]
[SourceVersion "1"]
[SourceVersionDate "2013.10.22"]
[SourceQuality "1"]

1. e4 e6 2. d4 d5 3. Nc3 Nf6 4. e5 Nfd7 5. f4 c5 6. Nf3 Nc6 7. Be3 Be7 8. Qd2 0-0 9. 0-0-0 a6 10. h4 b5 11. dxc5 Nxc5 12. Qf2 b4 13. Nxd5 exd5 14. Bxc5 Qa5 15. Bxe7 1-0